[Event "68th HUN-ch Men 2018"]
[Site "Budapest"]
[Date "2018.12.04"]
[Round "1.2"]
[White "Gledura, Benjamin"]
[Black "Horvath, Csaba"]
[Result "1-0"]
[WhiteElo "2621"]
[BlackElo "2510"]
[Annotator "TA"]
[PlyCount "83"]
[EventDate "2018.??.??"]
[EventCountry "HUN"]
[SourceTitle "playchess.com"]
[Source "ChessBase"]
[SourceQuality "1"]

{[%evp 20,83,22,13,16,16,23,18,130,128,131,128,119,119,119,129,124,89,85,91,96,109,102,93,86,87,127,118,157,157,165,153,162,147,204,183,247,220,219,208,222,204,239,169,160,144,239,225,201,210,448,414,410,380,550,525,641,610,912,866,1077,928,1916,1617,12840,12840]} 1. e4 Nf6 2. e5 Nd5 3. d4 d6 4. Nf3 dxe5 5. Nxe5 c6 6. Be2 Bf5 {B04: Alekhine's Defence: 4 Nf3} 7. O-O (7. c3 Nd7 8. Nf3 e6 9. O-O Bd6 10. Re1 O-O 11. Nbd2 h6 12. Nc4 Bc7 13. a4 a5 14. Bd3 {1-0 (40) Vachier Lagrave,M (2779)-Dominguez Perez,L (2739) chess.com INT 2018}) 7... Nd7 8. Nf3 e6 9. a3 Bd6 10. Re1 O-O 11. c4 {LiveBook: 5 Games} Nf4 12. Bf1 Qf6 13. Qb3 $146 ({Predecessor:} 13. Be3 h6 14. Nc3 {0-1 (27) Aroshidze,L (2537)-Aloma Vidal,R (2418) Kavala 2009}) 13... Bg4 (13... Rab8 $11 {remains equal.}) 14. Nbd2 $1 $16 {[%cal Rd2e4]} Qg6 15. Nh4 Qh5 16. Ne4 Bb8 17. g3 f5 18. Bxf4 Bxf4 19. h3 (19. gxf4 $6 fxe4 20. Qg3 Nf6 $11) 19... fxe4 20. hxg4 Qxg4 21. Rxe4 {[%mdl 64] And now Ng2 would win. Pin} e5 22. Qd1 $36 {[%mdl 2048] White is in control.} (22. Qxb7 $6 Nf6 $11) 22... Qg5 23. Nf3 Qg6 {[#]} 24. Bd3 $1 {Strongly threatening Rxf4.} ({Weaker is} 24. Qe2 Nf6 $11) 24... Bh6 ({Avoid the trap} 24... Bxg3 $2 25. Rh4 $18) 25. Nxe5 ({Don't play} 25. dxe5 $6 Nc5 $14) 25... Nxe5 26. dxe5 Rad8 {[#]} (26... Qf7 $16 27. Qe2 Qf3) 27. Qe2 $1 $18 Qe6 (27... Bg5 $142 28. c5 Kh8) 28. c5 {Threatens to win with Bc4.} Kh8 29. b4 Bg5 30. Kg2 Qb3 31. Bc4 Qc3 32. Ra2 a5 (32... g6 $16 33. f4 Be7) 33. e6 {[%cal Be5e6,Be6d7][%mdl 32] aiming for e7.} Be7 34. Re3 {[%cal Be4e3,Be3d3,Bd3d7][%mdl 32]} Qd4 $2 (34... Qc1 {was necessary.} 35. Rd3 Rxd3 36. Bxd3 Qg5 37. bxa5 Qxc5) 35. Rd3 Qf6 36. Rd7 axb4 (36... Rxd7 $142 37. exd7 Bd8) 37. axb4 {White is clearly winning.} Rxd7 38. exd7 Rd8 39. Ra7 h6 40. Rxb7 Bf8 41. Qe6 Qxe6 42. Bxe6 {Accuracy: White = 83%, Black = 29%.} 1-0

[Event "68th HUN-ch Men 2018"]
[Site "Budapest"]
[Date "2018.12.04"]
[Round "1.2"]
[White "Aczel, Gergely"]
[Black "Mihok, Oliver"]
[Result "0-1"]
[WhiteElo "2549"]
[BlackElo "2541"]
[Annotator "TA"]
[PlyCount "76"]
[EventDate "2018.??.??"]
[EventCountry "HUN"]
[SourceTitle "playchess.com"]
[Source "ChessBase"]
[SourceQuality "1"]

{[%evp 23,76,27,47,12,6,7,12,12,12,4,23,0,34,-33,0,-58,-35,-177,-162,-116,-9,-193,-178,-189,-191,-187,-223,-186,-208,-313,-308,-324,-324,-306,-312,-299,-287,-529,-448,-672,-624,-604,-595,-908,-899,-29963,-6507,-29982,-29983,-29990,-1135,-1075,-1069,-1067,-1064]} 1. d4 Nf6 2. c4 g6 3. f3 Bg7 4. e4 d6 5. Nc3 O-O 6. Bg5 c5 7. d5 e6 8. Qd2 exd5 9. cxd5 a6 10. a4 h6 11. Be3 Re8 12. Be2 Nh7 {LiveBook: 5 Games. A65: Modern Benoni: 6 e4} 13. h4 (13. Bd3 Nd7 14. Nh3 Ne5 15. Nf2 Nxd3+ 16. Nxd3 f5 17. O-O Ng5 18. Kh1 fxe4 19. Nxe4 Nxe4 20. fxe4 g5 21. e5 c4 22. Nb4 Bxe5 23. Qc2 Bg7 24. Bd4 Qe7 25. Qg6 Bd7 26. Rae1 {1-0 (26) Sasikiran,K (2679)-Pruijssers,R (2462) Vlissingen 2010}) 13... h5 14. g3 $146 ({Predecessor:} 14. Nh3 Qxh4+ 15. Nf2 Qe7 16. O-O-O b5 17. Rdg1 bxa4 18. Nxa4 {½-½ (18) Johansen,D (2483)-Moreno Carnero,J (2512) Mallorca 2004}) 14... Nd7 {[%cal Bb8d7,Bd7e5,Be5g4][%mdl 32] The position is equal.} 15. Nh3 Ne5 16. Nf2 Bd7 17. Bh6 Bh8 18. Ncd1 (18. O-O $14) 18... b5 19. Ne3 (19. O-O $11) 19... Qf6 20. f4 ({White should play} 20. Bf4 $15) 20... Ng4 $1 $19 {[%cal Rg4h6]} 21. Bxg4 Bxg4 (21... hxg4 $17 22. e5 dxe5) 22. axb5 $2 {[#]} (22. Nfxg4 $2 Qxb2 23. Qxb2 Bxb2 $17) (22. e5 $1 $11 {and White has nothing to worry.} dxe5 23. Nfxg4 hxg4 24. Bg5) 22... Bf3 23. O-O axb5 24. e5 dxe5 $40 {[%mdl 128] Black attacks with force.} 25. Rxa8 Rxa8 {[%cal Be8a8,Ba8a2,Ba2b2][%mdl 32]} 26. Nd3 (26. d6 $142) 26... e4 {...Qd4 is the strong threat.} 27. Ne5 {[#]} Qd6 $1 28. Nxf3 exf3 29. Rxf3 {intending f5.} Bd4 30. Kh2 $2 (30. Kg2 {was necessary.} Nf6 31. f5) 30... Ra2 31. Kh3 (31. Nd1 $142 Nf6 32. f5) 31... Nf6 32. f5 Rxb2 33. Qc1 Qd7 34. Nc2 Qxd5 35. Nxd4 Qxd4 {[%csl Gf6,Gh5][%cal Rd4g4]} 36. Qf4 Qxf4 (36... Qd1 $142 37. Qb8+ Kh7 38. fxg6+ fxg6 39. Qc7+ Kxh6 40. Qf4+ Kh7 41. Qc7+ Nd7 42. Rf7+ Kg8 43. Rg7+ {[%mdl 64] Decoy} Kxg7 44. Qe5+ Nxe5 45. g4 Qxg4#) 37. gxf4 Ng4 38. Bg5 gxf5 {Accuracy: White = 19%, Black = 65%.} 0-1

[Event "68th HUN-ch Men 2018"]
[Site "Budapest"]
[Date "2018.12.04"]
[Round "1.2"]
[White "Medvegy, Zoltan"]
[Black "Berkes, Ferenc"]
[Result "0-1"]
[WhiteElo "2536"]
[BlackElo "2662"]
[Annotator "TA"]
[PlyCount "66"]
[EventDate "2018.??.??"]
[EventCountry "HUN"]
[SourceTitle "playchess.com"]
[Source "ChessBase"]
[SourceQuality "1"]

{[%evp 16,66,62,56,64,54,69,37,63,0,0,-45,-49,-58,-24,-27,-20,-20,-19,-24,40,-14,-5,-42,-42,-37,-18,-48,-48,-48,-48,-48,-48,-48,-43,-50,-41,-115,-55,-122,-109,-225,-241,-370,-370,-395,-384,-420,-439,-444,-422,-942,-931]} 1. c4 c5 2. Nf3 Nc6 3. Nc3 g6 4. e3 Bg7 5. d4 d6 6. d5 Na5 7. Bd3 {A35: Symmetrical English: 2 Nc3 Nc6 3 Nf3} Nf6 8. e4 O-O 9. h3 {LiveBook: 55 Games. White is slightly better.} b6 10. Qc2 $146 ({Predecessor:} 10. Bg5 Ba6 11. b3 Ne8 12. Qd2 Rb8 13. Rb1 Qd7 14. g4 Nc7 15. Ne2 {1-0 (45) Van der Sterren,P (2555)-Sokolov,I (2635) Antwerp 1997}) 10... e6 11. Be3 Qe7 12. dxe6 (12. O-O $14) 12... fxe6 $11 13. e5 dxe5 14. Nxe5 Bb7 {White should prevent ...Nh5.} 15. O-O Nh5 16. Ng4 $1 Nc6 17. Be4 Rad8 (17... Nd4 $11 18. Qd2 Bxe4 19. Nxe4 Qb7) 18. Rad1 (18. Qa4 $14 Rc8 19. Rad1) 18... Nd4 19. Bxd4 cxd4 20. Ne2 $1 Bc8 (20... e5 $5 {[%cal Rd4d3]} 21. Bxb7 Qxb7 $15) 21. g3 e5 22. Nc1 Bxg4 23. hxg4 Nf6 $36 {[%cal Bh5f6,Bf6g4,Bg4f2][%mdl 2080] Black fights for an advantage.} 24. Qe2 Qe6 25. Bg2 Bh6 {Strongly threatening ...e4.} 26. Rfe1 ({White should try} 26. Nb3 $15) 26... Rde8 (26... Nxg4 27. Bh3 $16) ({Black should play} 26... Bxc1 $17 27. Rxc1 d3 28. Qxe5 Qxe5 29. Rxe5 Nxg4 {[%mdl 64] Double Attack}) 27. Nb3 (27. b4 $15) 27... Qxg4 $17 28. Qxg4 (28. Bd5+ $17 Kg7 29. Bc6) 28... Nxg4 $19 29. Re2 {[#]} (29. f4 $142) 29... Nxf2 $1 {[%mdl 512]} 30. Bd5+ ({Stronger than} 30. Rxf2 Be3 $19) 30... Kg7 31. Rf1 Ng4 32. Rxf8 Rxf8 33. Re4 (33. Be4 $142) 33... Be3+ {Accuracy: White = 28%, Black = 41%.} 0-1

[Event "68th HUN-ch Men 2018"]
[Site "Budapest"]
[Date "2018.12.04"]
[Round "1.2"]
[White "Gonda, Laszlo"]
[Black "Acs, Peter"]
[Result "1/2-1/2"]
[WhiteElo "2522"]
[BlackElo "2595"]
[Annotator "TA"]
[PlyCount "76"]
[EventDate "2018.??.??"]
[EventCountry "HUN"]
[SourceTitle "playchess.com"]
[Source "ChessBase"]
[SourceQuality "1"]

{[%evp 18,76,23,10,27,6,35,-4,14,9,29,0,26,17,21,10,14,2,12,3,20,0,0,0,21,0,38,29,36,30,37,16,26,20,38,23,23,18,17,21,23,27,35,10,9,9,8,4,4,7,4,7,13,6,7,7,12,10,10,10,20]} 1. Nf3 Nf6 2. c4 e6 3. b3 b6 4. g3 Bb7 5. Bg2 Be7 6. O-O O-O 7. Bb2 d5 8. e3 a5 9. Nc3 {A14: English Opening: 1...e6 with b3 by White} Nbd7 10. Qc2 {LiveBook: 10 Games} c6 (10... a4 11. cxd5 a3 12. Bc1 Nxd5 13. Nxd5 Bxd5 14. e4 Bb7 15. d4 c5 16. Be3 Nf6 17. dxc5 Bxe4 {0-1 (50) Malakhov,V (2696)-Riazantsev,A (2678) Moscow 2014}) 11. Rac1 {White has an edge.} Qb8 $146 ({Predecessor:} 11... Rc8 12. Rfd1 b5 13. d3 Qb6 14. e4 Rfd8 15. Qe2 Nf8 16. exd5 bxc4 17. dxe6 Nxe6 18. dxc4 {1-0 (37) Jatoba de Oliveira Reis,P (2421)-Lucena,J (2136) Juazeiro do Norte 2012}) 12. Qb1 Rd8 13. Rfd1 h6 14. cxd5 cxd5 15. Nb5 Ne8 16. a3 Rc8 17. Nfd4 Rc5 18. Nc3 Bf6 19. Na4 Rxc1 20. Rxc1 Nd6 21. Nc6 Qe8 {[#] Strongly threatening ...b5.} (21... Bxc6 $5 22. Rxc6 Bxb2 23. Qxb2 b5 $11) 22. Bxf6 gxf6 23. Nd4 Rc8 24. h3 Qd8 25. Nc3 f5 26. Ncb5 Nxb5 27. Nxb5 Ba6 28. Nd4 Rxc1+ 29. Qxc1 Qc8 30. Qxc8+ (30. Qb1 {with more complications.} Ne5 31. f4 Bd3 32. Qb2 Nd7 33. Kf2) 30... Bxc8 $14 {[%mdl 4096] Endgame KBN-KBN. The position is equal.} 31. Bf1 Nc5 32. b4 axb4 33. axb4 Ne4 34. Nf3 Kg7 35. Be2 Kf6 36. Kf1 Bd7 37. Ke1 Ba4 38. Bf1 Nd6 {Accuracy: White = 37%, Black = 42%.} 1/2-1/2

[Event "68th HUN-ch Men 2018"]
[Site "Budapest"]
[Date "2018.12.04"]
[Round "1.2"]
[White "Galyas, Miklos"]
[Black "Papp, Gabor"]
[Result "1/2-1/2"]
[WhiteElo "2497"]
[BlackElo "2603"]
[Annotator "TA"]
[PlyCount "70"]
[EventDate "2018.??.??"]
[EventCountry "HUN"]
[SourceTitle "playchess.com"]
[Source "ChessBase"]
[SourceQuality "1"]

{[%evp 15,70,-6,0,0,23,12,22,21,36,19,45,-13,0,0,0,0,19,18,63,0,0,0,0,0,0,-8,0,-1,0,0,0,0,41,-1,-8,-18,0,0,0,0,0,0,0,0,0,0,0,0,0,0,0,0,0,0,0,0,0]} 1. d4 Nf6 2. Nf3 d5 3. Bf4 e6 4. e3 Bd6 5. Bg3 O-O 6. Nbd2 c5 {D02: 1 d4 d5 2 Nf3 sidelines, including 2...Nf6 3 g3 and 2...Nf6 3 Bf4} (6... b6 7. c3 Ba6 8. Bxa6 Nxa6 9. Ne5 Nb8 10. f4 c5 11. Bh4 Be7 12. O-O Nfd7 13. Bxe7 Qxe7 14. Rf3 Nxe5 15. fxe5 {1-0 (29) Aronian,L (2767)-Giri,A (2782) chess.com INT 2018}) 7. c3 Qc7 8. Ne5 Nc6 {LiveBook: 20 Games} 9. Nxc6 bxc6 $146 ({Predecessor:} 9... Qxc6 10. Bd3 Qc7 {½-½ (10) Morovic Fernandez,I (2535)-Vasquez Schroder,R (2554) Villa Martelli 2017}) 10. dxc5 Bxg3 11. hxg3 e5 12. Qc2 a5 13. e4 (13. c4 $14) 13... a4 14. Bd3 h6 15. O-O Qa7 16. Rfe1 Re8 17. Nf3 (17. exd5 $14 cxd5 18. Bb5) 17... dxe4 $11 18. Bxe4 Qxc5 19. Nd2 Be6 20. Bf3 Reb8 21. b3 axb3 22. axb3 Rxa1 23. Rxa1 g6 24. Re1 (24. b4 $5 {[%cal Rb4c5]} Qd6 25. Be2 $11) 24... Kg7 {The position is equal.} 25. c4 Rd8 26. Ne4 Qb4 (26... Nxe4 {with more complications.} 27. Qxe4 Rb8 28. Qxe5+ Qxe5 29. Rxe5 Rxb3 30. Bxc6 Bxc4 31. g4 Kf6) 27. Rd1 Rxd1+ 28. Qxd1 Nxe4 29. Bxe4 Qc5 30. g4 f5 31. gxf5 gxf5 32. Bf3 e4 $1 {[%cal Re4f3]} 33. Bh5 {[#] Black must now prevent Qa1+.} f4 34. Qa1+ Kh7 35. Qf6 {White wants to mate with Bg6+.} Qxh5 {Accuracy: White = 62%, Black = 39%.} 1/2-1/2

[Event "68th HUN-ch Men 2018"]
[Site "Budapest"]
[Date "2018.12.04"]
[Round "1.2"]
[White "Horvath, Jozsef"]
[Black "Balog, Imre"]
[Result "1/2-1/2"]
[WhiteElo "2490"]
[BlackElo "2558"]
[Annotator "TA"]
[PlyCount "68"]
[EventDate "2018.??.??"]
[EventCountry "HUN"]
[SourceTitle "playchess.com"]
[Source "ChessBase"]
[SourceQuality "1"]

{[%evp 15,68,8,22,15,30,19,26,26,24,28,27,25,26,24,32,15,126,131,129,119,182,193,189,181,192,179,188,158,218,150,159,140,199,225,216,211,224,204,190,188,247,218,848,212,278,10,8,0,31,0,0,-28,-15,-13,0]} 1. d4 d5 2. c4 c6 3. Nf3 Nf6 4. e3 Bg4 5. h3 Bxf3 6. Qxf3 e6 7. Nc3 Nbd7 8. Bd2 {D11: Slav Defence: 3 Nf3 sidelines and 3...Nf6 4 e3 Bg4} (8. Bd3 Bb4 9. O-O O-O 10. Qd1 Re8 11. Bd2 dxc4 12. Bxc4 Qe7 13. a3 Bd6 14. Qc2 Rad8 15. Rfd1 h5 16. b4 h4 {0-1 (35) So,W (2815)-Carlsen,M (2832) chess.com INT 2017}) 8... Be7 {LiveBook: 4 Games} 9. cxd5 cxd5 $146 ({Predecessor:} 9... exd5 10. Bd3 Qb6 11. Na4 Qd8 12. Rc1 O-O 13. O-O h6 {1-0 (22) Stoyanov,I (1738)-Malinov,M (1416) Plovdiv 2016}) 10. Bd3 {White has an edge.} Rc8 11. O-O O-O 12. Rfc1 Nb6 13. Be1 a6 14. Rc2 Qd7 15. Rac1 Nc4 (15... Rc6 $11) 16. Nxd5 $1 $16 exd5 17. Bf5 Qb5 (17... Qc6 $16 {was necessary.}) 18. Bxc8 $18 Rxc8 19. b3 Ba3 20. bxc4 dxc4 21. Rd1 {[%cal Bc1d1,Bd1d4,Bd4f4][%mdl 32]} Bf8 (21... h5 $16 22. e4 Qa4) 22. Rcc1 {Rb1 is the strong threat.} Qd7 23. d5 Ba3 (23... b5 $16 24. Bc3 Ne8) 24. Rc2 Qa4 25. Qe2 Ne4 26. Rd4 $1 {[%cal Rd4c4]} Nd6 27. Rf4 b5 (27... Re8 $142 28. Bc3 Re7) 28. Bc3 Re8 $2 (28... Rc7 29. e4 f6) 29. e4 $2 (29. Qg4 {[%csl Gc3][%cal Rg4g7]} g6 30. Qh4 $3 {[%mdl 512]}) 29... b4 {[#]} 30. Bb2 $2 ({White must play} 30. Bxg7 $1 $18 {Qg4! would kill now.} Kxg7 31. e5) 30... Bxb2 $11 31. Rxb2 {And now e5 would win.} f6 32. Rc2 c3 33. Qd3 a5 34. Rg4 Re5 {Accuracy: White = 56%, Black = 37%.} 1/2-1/2

[Event "68th HUN-ch Men 2018"]
[Site "Budapest"]
[Date "2018.12.04"]
[Round "1.2"]
[White "Kozak, Adam"]
[Black "Banusz, Tamas"]
[Result "1/2-1/2"]
[WhiteElo "2419"]
[BlackElo "2612"]
[Annotator "TA"]
[PlyCount "89"]
[EventDate "2018.??.??"]
[EventCountry "HUN"]
[SourceTitle "playchess.com"]
[Source "ChessBase"]
[SourceQuality "1"]

{[%evp 21,89,-14,-2,-2,0,-15,-15,-22,-16,-18,0,0,0,0,0,0,0,0,0,0,10,9,16,6,9,10,18,4,6,0,0,0,0,4,11,10,13,10,13,15,18,12,12,12,13,13,13,0,0,0,0,0,0,0,0,0,0,0,0,0,0,0,0,0,0,0,0,0,0,0]} 1. Nf3 d5 2. c4 c6 3. e3 Nf6 4. Nc3 a6 5. Qc2 e6 6. d4 c5 7. dxc5 {D45: Semi-Slav: 5 e3} (7. cxd5 exd5 8. Be2 Be6 9. O-O Nc6 10. Rd1 Nb4 11. Qd2 Ne4 12. Nxe4 dxe4 13. a3 exf3 14. Bxf3 Nc6 15. d5 Ne5 16. dxe6 Nxf3+ 17. gxf3 fxe6 {½-½ (17) Kharitonov,A (2564)-Banusz,T (2607) Benasque 2018}) 7... Bxc5 8. a3 dxc4 9. Bxc4 b5 10. Be2 Nbd7 11. O-O Bb7 {LiveBook: 8 Games. The position is equal.} 12. b4 Be7 13. Bb2 O-O 14. Rfd1 Rc8 15. Rac1 Qb6 16. Qb1 Rfd8 17. Qa1 $146 ({Predecessor:} 17. Nd2) 17... Nf8 18. Rxd8 Qxd8 19. Rd1 Qc7 20. Nb1 {[%cal Bc3b1,Bb1d2,Bd2b3][%mdl 32]} Ng4 {[#] And now ...Bxf3 would win.} 21. Nbd2 Bf6 22. h3 Bxb2 23. Qxb2 Nf6 24. Nb3 Qc3 25. Qxc3 Rxc3 26. Rd3 Rxd3 27. Bxd3 N8d7 28. Nfd2 Kf8 29. f3 Ke7 30. Kf2 h6 31. h4 g5 32. hxg5 hxg5 33. e4 Kd6 34. Nb1 Ne5 35. Ke3 Nfd7 36. N1d2 Nxd3 37. Kxd3 $11 {[%mdl 4096] Endgame KBN-KNN} Ke5 38. Nc5 Nxc5+ 39. bxc5 {KB-KN} f5 40. g3 fxe4+ 41. fxe4 g4 42. Kc3 Ba8 43. Kd3 Bc6 44. Ke3 Bb7 45. Kd3 {Precision: White = 73%, Black = 85%.} 1/2-1/2

[Event "68th HUN-ch Men 2018"]
[Site "Budapest"]
[Date "2018.12.07"]
[Round "3.1"]
[White "Berkes, Ferenc"]
[Black "Gledura, Benjamin"]
[Result "1-0"]
[WhiteElo "2662"]
[BlackElo "2621"]
[Annotator "TA"]
[PlyCount "115"]
[EventDate "2018.??.??"]
[EventCountry "HUN"]
[SourceTitle "playchess.com"]
[Source "ChessBase"]
[SourceQuality "1"]

{[%evp 20,115,23,6,14,15,18,15,28,18,23,0,15,5,14,0,15,6,16,21,22,19,21,10,26,25,20,15,38,30,37,56,39,27,75,80,91,90,84,45,53,25,45,49,164,184,174,162,179,175,177,164,191,153,270,270,268,119,171,0,250,0,213,143,144,139,217,232,244,260,252,253,412,407,382,351,381,369,363,351,6070,437,2842,379,2450,6070,6070,6065,2468,5211,1485,4403,6287,6203,6070,6070,5481,5197]} 1. d4 d5 2. Nf3 Nf6 3. c4 c6 4. Qb3 dxc4 5. Qxc4 Bg4 6. Nbd2 Nbd7 {D23: Queen's Gambit Accepted: 3 Nf3 Nf6 sidelines} 7. g3 e6 8. Bg2 Be7 9. O-O O-O 10. b3 Rc8 11. Bb2 {LiveBook: 19 Games} b5 12. Qc2 c5 13. Rfc1 Qb6 {[#]} 14. Qd1 $146 ({Predecessor:} 14. a4) 14... a6 15. Qf1 Rfd8 16. e3 Nd5 17. h3 (17. a4 {feels hotter.} Nb4 18. Ba3 Nd5 19. axb5 axb5 20. Bb2) 17... Bxf3 18. Bxf3 Qa5 19. Bxd5 exd5 20. dxc5 Nxc5 ({But not} 20... Qxd2 $2 21. Bc3 $18) 21. Qe2 Ne6 {next ...Rxc1+ is good for Black.} 22. Rxc8 Rxc8 23. Nf3 Ba3 24. Rd1 Bxb2 25. Qxb2 b4 26. Nd4 Rc3 27. Qe2 h6 28. Kg2 Rc5 29. h4 Qb6 $1 30. Qf3 a5 31. Nf5 $36 {[%mdl 2048] White has some pressure.} Qb7 ({Black should play} 31... Qd8 $14) 32. Nd6 $18 Qc7 33. Rxd5 Rc2 34. Nc4 $1 Rxa2 {[#]} 35. Rb5 $1 {[%cal Rb5b7]} Nd8 36. Qa8 {Black must now prevent Rb8.} Kh7 (36... Qc6+ $16 37. Qxc6 Nxc6) 37. Qe4+ (37. Rxa5 $6 Rxa5 38. Nxa5 Qd6 $16) 37... Kg8 38. Qe8+ Kh7 {[#]} 39. Qe4+ (39. Rb6 $142 $1) 39... Kg8 $1 40. Qa8 {Strongly threatening Rb8.} ({Much less strong is} 40. Qe8+ $6 Kh7) 40... Kh7 $1 41. Rxa5 Rxa5 42. Nxa5 Ne6 (42... Kg8 $16 43. Kg1 Qc1+ 44. Kg2 Qc7) 43. Qe4+ g6 44. Qxb4 Qe5 45. Nb7 f5 $2 (45... g5 {might work better.} 46. Nd6 gxh4 47. gxh4 f5 48. Qb7+ Ng7) 46. Qe7+ Kg8 {Threatens to win with ...Nf4+!} 47. Qe8+ Kg7 48. Qd7+ Kg8 49. Nd8 ({Don't do} 49. Nd6 Qd5+ 50. e4 Nf8 $18) 49... Nc5 $2 (49... Ng7 50. Qf7+ Kh7) 50. Qf7+ {[%mdl 64] Double Attack} Kh8 {intending ...Qe4+.} 51. Qf8+ Kh7 52. Nf7 {White is clearly winning.} Qg7 53. Qxc5 Qxf7 54. b4 {[%cal Bb3b4,Bb4b5][%mdl 32]} Qb7+ 55. Kg1 Qe4 56. b5 Qb1+ 57. Kh2 Qf1 {[#]} 58. e4 $1 {Accuracy: White = 65%, Black = 52%.} 1-0

[Event "68th HUN-ch Men 2018"]
[Site "Budapest"]
[Date "2018.12.07"]
[Round "3.1"]
[White "Banusz, Tamas"]
[Black "Aczel, Gergely"]
[Result "1/2-1/2"]
[WhiteElo "2612"]
[BlackElo "2549"]
[Annotator "TA"]
[PlyCount "119"]
[EventDate "2018.??.??"]
[EventCountry "HUN"]
[SourceTitle "playchess.com"]
[Source "ChessBase"]
[SourceQuality "1"]

{[%evp 19,119,29,25,23,23,31,33,15,63,43,39,32,50,42,94,93,95,64,67,75,64,50,65,54,82,24,21,22,21,27,117,5,5,0,10,8,15,10,8,-29,60,61,73,60,71,64,194,122,192,199,190,183,183,184,185,166,216,210,191,134,151,141,232,225,210,182,175,178,191,106,210,61,61,61,61,0,0,0,6,6,6,0,0,0,7,8,8,8,27,0,0,0,0,0,0,0,0,0,0,0,0,-29987]} 1. d4 Nf6 2. Nf3 d5 3. g3 c6 4. c4 Bg4 5. Ne5 Bf5 6. cxd5 {D11: Slav Defence: 3 Nf3 sidelines and 3...Nf6 4 e3 Bg4} cxd5 7. Nc3 Nc6 8. f3 Bd7 (8... g6 9. Bg2 Bg7 10. Be3 O-O 11. O-O Nd7 12. Nxc6 bxc6 {½-½ (47) Giri,A (2762)-Solak,D (2626) Heraklio 2017}) 9. Nxd7 Qxd7 10. e4 e6 {LiveBook: 3 Games} 11. e5 Ng8 $1 12. Be3 Nge7 13. Be2 $146 Nc8 14. O-O Nb6 15. f4 Bb4 16. Rc1 Nc4 ({Better is} 16... O-O $14) 17. Bxc4 $1 $16 Bxc3 18. Bxd5 Bxd4 19. Bxd4 Qxd5 20. Bc5 Qxd1 21. Rfxd1 Rd8 22. Bd6 (22. Rxd8+ $16 Kxd8 23. b4) 22... Ne7 23. Rc7 Rd7 24. Rdc1 Nd5 $1 {[%cal Rd5c7]} 25. Rc8+ ({White should try} 25. Rxb7 $1 $16 {Threatens to win with Rc8+.} Rxb7 26. Rc8+ Kd7 27. Rxh8) 25... Rd8 $11 26. g4 h5 27. g5 f5 28. gxf6 gxf6 29. f5 fxe5 (29... Kf7 $1 $11 30. R8c7+ Nxc7 31. Rxc7+ {[%mdl 64] Double Attack} Kg8 32. fxe6 Rh6) 30. fxe6 $14 Rh6 31. R1c5 $36 {[%mdl 2048] Black is under pressure.} Rg6+ 32. Kf2 {Strongly threatening Rxd8+.} Nb6 (32... Rf6+ $1 $14 33. Kg3 Rg6+ 34. Kf3 e4+ 35. Kf2 e3+ 36. Kf1 Ne7 37. Rxd8+ Kxd8) 33. Rxd8+ $18 Kxd8 {[%mdl 4096] Endgame KRB-KRN} 34. Bc7+ $1 (34. Rxe5 $6 Rf6+ 35. Kg3 Nc4 $16) (34. Bxe5 $6 Rxe6 35. Bc7+ Kd7 $16) 34... Ke7 35. Bxb6 $1 (35. Bxe5 Kxe6 36. Bg3 Rf6+ 37. Ke2 Rf5 $11) 35... axb6 36. Rxe5 {KR-KR} h4 37. Re3 b5 38. h3 $1 Rf6+ 39. Kg2 (39. Rf3 $18) 39... Rf4 40. Re5 b4 {[#]} 41. b3 $1 b5 42. Re2 (42. Rxb5 Kxe6 43. Rc5 Kd6 $14) 42... Rf8 {[#]} 43. Re4 $1 Ra8 44. Rxb4 (44. Rxh4 $18 Rxa2+ 45. Kg3) 44... Kxe6 (44... Rxa2+ $16 45. Kf3 Ra3) 45. Rxb5 ({Don't play} 45. Rxh4 $6 Rxa2+ 46. Kg3 Ra7 $16) (45. a4 $18) 45... Rxa2+ $14 46. Kf3 Rd2 $1 47. Rb4 (47. Ke4 $14) 47... Kf5 $1 $11 48. Ke3 Rg2 49. Rf4+ Ke5 $1 50. Re4+ Kf5 $1 51. Rf4+ Ke5 $1 52. Rg4 Rb2 $1 ({Avoid the trap} 52... Rxg4 $2 53. hxg4 Ke6 54. Kf4 $18) 53. Rb4 {Kd3 is the strong threat.} Rg2 54. Re4+ Kf5 $1 {The position is equal.} 55. Kd3 Rg3+ {[%mdl 64] Double Attack} 56. Re3 {Hoping for Rxg3.} Kf4 57. Rxg3 Kxg3 (57... hxg3 $2 {perishes.} 58. Ke2 $18) 58. Ke3 Kxh3 {( -> ...Kg3)} 59. Kf3 Kh2 60. Ke4 $2 {[%mdl 40960] Accuracy: White = 50%, Black = 63%. . An unexpected result.} (60. Kf2 $11) 1/2-1/2